000 01199cam a22002651i 4500
003 SA-RiAUC
005 20260317115531.0
008 260211s1927 ||| g 000 0 ara c
040 _aSA-JeALM
_bara
_cSA-RiAUC
_erda
082 0 4 _a251.15
090 _aم ن 251.15
_bش ن ق
100 1 _aالشنقيطي، محمد الخضر بن عبد الله بن أحمد،
_d1289-1353 هجري
_eمؤلف.
245 1 0 _aقمع أهل الزيغ والإلحاد عن الطعن في تقليد أئمة الاجتهاد /
_cمحمد الخضر بن عبد الله بن مايابي الجكني.
264 1 _a[مكان النشر غير محدد] :
_b[الناشر غير محدد]،
_c[1927]
264 3 _a[مكان الطبع غير محدد] :
_bمطبعة الحلبي
300 _a104 صفحة؛
_c29 سم.
336 _aنص
_btxt
_2rdacontent
_3كتاب
337 _aبدون وسيط
_bn
_2rdamedia
338 _aمجلد
_bnc
_2rdacarrier
650 7 _aالاجتهاد (أصول فقه)
_2aucsh
650 7 _aالتقليد (أصول فقه)
_2aucsh
650 7 _aأصول الفقه الإسلامي
_2aucsh
942 _2ddc
_cRBOOK COPY
_n0
949 _aSA-JeALM
_d260211
_umohamedma123
_n1
999 _c14655
_d14655